<?xml version="1.0" encoding="UTF-8"?>
<record
    xmlns:xsi="http://www.w3.org/2001/XMLSchema-instance"
    xsi:schemaLocation="http://www.loc.gov/MARC21/slim http://www.loc.gov/standards/marcxml/schema/MARC21slim.xsd"
    xmlns="http://www.loc.gov/MARC21/slim">

  <leader>00832nam a2200265Ia 4500</leader>
  <controlfield tag="005">20220317000236.0</controlfield>
  <controlfield tag="008">141031s9999 ck 000 0 spa d</controlfield>
  <datafield tag="020" ind1=" " ind2=" ">
    <subfield code="a">9788467535297</subfield>
  </datafield>
  <datafield tag="100" ind1="1" ind2=" ">
    <subfield code="a">Garc&#xED;a Llorca, Antoni</subfield>
  </datafield>
  <datafield tag="245" ind1="1" ind2="3">
    <subfield code="a">El salvaje </subfield>
    <subfield code="c">Antoni Garc&#xED;a Llorca</subfield>
  </datafield>
  <datafield tag="250" ind1=" " ind2=" ">
    <subfield code="a">1a edici&#xF3;n</subfield>
  </datafield>
  <datafield tag="300" ind1=" " ind2=" ">
    <subfield code="a">183 p&#xE1;ginas</subfield>
    <subfield code="b">ilustraciones en color</subfield>
    <subfield code="c">24 cm.</subfield>
  </datafield>
  <datafield tag="650" ind1="1" ind2="4">
    <subfield code="2">LEMB</subfield>
    <subfield code="a">Novela espa&#xF1;ola</subfield>
    <subfield code="y">Siglo XX</subfield>
  </datafield>
  <datafield tag="650" ind1="1" ind2="4">
    <subfield code="2">LEMB</subfield>
    <subfield code="a">Literatura infantil espa&#xF1;ola</subfield>
    <subfield code="y">Siglo XX</subfield>
  </datafield>
  <datafield tag="650" ind1="1" ind2="4">
    <subfield code="2">LEMB</subfield>
    <subfield code="a">Orfanatos</subfield>
    <subfield code="v">Novela</subfield>
  </datafield>
  <datafield tag="650" ind1="1" ind2="4">
    <subfield code="2">LEMB</subfield>
    <subfield code="a">Vida cotidiana</subfield>
    <subfield code="v">Novela</subfield>
  </datafield>
  <datafield tag="650" ind1="1" ind2="4">
    <subfield code="2">LEMB</subfield>
    <subfield code="a">Psicolog&#xED;a</subfield>
    <subfield code="v">Novela</subfield>
  </datafield>
  <datafield tag="942" ind1=" " ind2=" ">
    <subfield code="2">loc</subfield>
    <subfield code="c">BKLIT</subfield>
  </datafield>
  <datafield tag="264" ind1=" " ind2=" ">
    <subfield code="a">Madrid</subfield>
    <subfield code="b">Ediciones SM</subfield>
    <subfield code="c">2009</subfield>
  </datafield>
  <datafield tag="336" ind1=" " ind2=" ">
    <subfield code="a">texto</subfield>
    <subfield code="b">txt</subfield>
    <subfield code="2">rdacontent</subfield>
  </datafield>
  <datafield tag="337" ind1=" " ind2=" ">
    <subfield code="a">sin mediaci&#xF3;n</subfield>
    <subfield code="b">n</subfield>
    <subfield code="2">rdamedia</subfield>
  </datafield>
  <datafield tag="338" ind1=" " ind2=" ">
    <subfield code="a">volumen</subfield>
    <subfield code="b">nc</subfield>
    <subfield code="2">rdacarrier</subfield>
  </datafield>
  <datafield tag="040" ind1=" " ind2=" ">
    <subfield code="a">CO-BoRNBP</subfield>
    <subfield code="b">spa</subfield>
    <subfield code="e">rda</subfield>
    <subfield code="c">CO-BoRNBP</subfield>
  </datafield>
  <datafield tag="084" ind1=" " ind2=" ">
    <subfield code="a">N GAR20</subfield>
  </datafield>
  <datafield tag="999" ind1=" " ind2=" ">
    <subfield code="c">3499</subfield>
    <subfield code="d">3499</subfield>
  </datafield>
  <datafield tag="952" ind1=" " ind2=" ">
    <subfield code="0">0</subfield>
    <subfield code="1">0</subfield>
    <subfield code="2">ddc</subfield>
    <subfield code="4">0</subfield>
    <subfield code="7">0</subfield>
    <subfield code="8">GEN</subfield>
    <subfield code="a">MEGUAMAL</subfield>
    <subfield code="b">MEGUAMAL</subfield>
    <subfield code="c">LIT</subfield>
    <subfield code="d">2023-01-24</subfield>
    <subfield code="l">0</subfield>
    <subfield code="o">NGAR20</subfield>
    <subfield code="p">GUA00087</subfield>
    <subfield code="r">2023-01-24 00:00:00</subfield>
    <subfield code="t">Ej.1</subfield>
    <subfield code="w">2023-01-24</subfield>
    <subfield code="y">BKLIT</subfield>
  </datafield>
  <datafield tag="952" ind1=" " ind2=" ">
    <subfield code="0">0</subfield>
    <subfield code="1">0</subfield>
    <subfield code="2">ddc</subfield>
    <subfield code="4">0</subfield>
    <subfield code="7">0</subfield>
    <subfield code="8">GEN</subfield>
    <subfield code="a">MECUBARR</subfield>
    <subfield code="b">MECUBARR</subfield>
    <subfield code="c">LIT</subfield>
    <subfield code="d">2023-07-28</subfield>
    <subfield code="l">0</subfield>
    <subfield code="o">N GAR20</subfield>
    <subfield code="p">CUB01316</subfield>
    <subfield code="r">2023-07-28 15:58:16</subfield>
    <subfield code="t">Ej.1</subfield>
    <subfield code="w">2023-07-28</subfield>
    <subfield code="y">BKLIT</subfield>
  </datafield>
  <datafield tag="952" ind1=" " ind2=" ">
    <subfield code="0">0</subfield>
    <subfield code="1">0</subfield>
    <subfield code="2">ddc</subfield>
    <subfield code="4">0</subfield>
    <subfield code="7">0</subfield>
    <subfield code="8">GEN</subfield>
    <subfield code="a">MEBAUPIA</subfield>
    <subfield code="b">MEBAUPIA</subfield>
    <subfield code="c">LIT</subfield>
    <subfield code="d">2023-09-12</subfield>
    <subfield code="l">0</subfield>
    <subfield code="o">N GAR20</subfield>
    <subfield code="p">BUP00194</subfield>
    <subfield code="r">2023-09-12 20:06:09</subfield>
    <subfield code="t">Ej.1</subfield>
    <subfield code="w">2023-09-12</subfield>
    <subfield code="y">BKLIT</subfield>
  </datafield>
  <datafield tag="952" ind1=" " ind2=" ">
    <subfield code="0">0</subfield>
    <subfield code="1">0</subfield>
    <subfield code="2">ddc</subfield>
    <subfield code="4">0</subfield>
    <subfield code="7">0</subfield>
    <subfield code="8">001</subfield>
    <subfield code="a">MEMAPIRI</subfield>
    <subfield code="b">MEMAPIRI</subfield>
    <subfield code="c">LIT</subfield>
    <subfield code="d">2024-01-17</subfield>
    <subfield code="l">0</subfield>
    <subfield code="o">N GAR20</subfield>
    <subfield code="p">MAP00002215</subfield>
    <subfield code="r">2024-01-17 20:58:01</subfield>
    <subfield code="t">Ej.1</subfield>
    <subfield code="w">2024-01-17</subfield>
    <subfield code="y">BKLIT</subfield>
  </datafield>
  <datafield tag="952" ind1=" " ind2=" ">
    <subfield code="0">0</subfield>
    <subfield code="1">0</subfield>
    <subfield code="2">ddc</subfield>
    <subfield code="4">0</subfield>
    <subfield code="7">0</subfield>
    <subfield code="8">GEN</subfield>
    <subfield code="a">MESGUARO</subfield>
    <subfield code="b">MESGUARO</subfield>
    <subfield code="c">LIT</subfield>
    <subfield code="d">2024-02-07</subfield>
    <subfield code="l">0</subfield>
    <subfield code="o">N GAR20</subfield>
    <subfield code="p">SG01421</subfield>
    <subfield code="r">2024-02-07 16:17:59</subfield>
    <subfield code="t">Ej.1</subfield>
    <subfield code="w">2024-02-07</subfield>
    <subfield code="y">BKLIT</subfield>
  </datafield>
</record>
